Schnelle Mathematik - Zahlen im Hexadezimalsystem Level 09 - Statistiken

Allgemein
  • Dieses Quiz wurde 40 mal gespielt
  • Das Durchschnittsergebnis liegt bei 10 aus 30
Antwortstatistiken
Zahl Zahl % Korrekt
0 0
100%
2 2
100%
4 4
100%
5 5
100%
6 6
100%
6 6
100%
6 6
100%
B B
100%
E E
100%
E E
100%
E E
100%
F F
100%
D D
67%
0 0
50%
1 1
50%
1 1
50%
2 2
50%
3 3
50%
5 5
50%
7 7
50%
7 7
50%
8 8
50%
9 9
50%
C C
50%
C C
50%
D D
50%
E E
50%
E E
50%
F F
50%
1 1
33%
3 3
33%
4 4
33%
5 5
33%
9 9
33%
B B
33%
B B
33%
0 0
0%
0 0
0%
0 0
0%
0 0
0%
1 1
0%
1 1
0%
1 1
0%
2 2
0%
2 2
0%
2 2
0%
2 2
0%
3 3
0%
3 3
0%
3 3
0%
3 3
0%
4 4
0%
4 4
0%
4 4
0%
4 4
0%
5 5
0%
5 5
0%
5 5
0%
6 6
0%
6 6
0%
6 6
0%
7 7
0%
7 7
0%
7 7
0%
7 7
0%
8 8
0%
8 8
0%
8 8
0%
8 8
0%
8 8
0%
9 9
0%
9 9
0%
9 9
0%
9 9
0%
A A
0%
A A
0%
A A
0%
A A
0%
A A
0%
A A
0%
B B
0%
B B
0%
B B
0%
C C
0%
C C
0%
C C
0%
C C
0%
D D
0%
D D
0%
D D
0%
D D
0%
E E
0%
F F
0%
F F
0%
F F
0%
F F
0%
Keine übereinstimmenden Quizze gefunden
Verteilung der Resultate
Anzahl Personen mit jedem Resultat
Perzentil nach korrekt beantworteten Fragen
Ihre Resultats-Entwicklung
Sie haben dieses Quiz noch nicht gespielt